Score 0/24 Timer 04:00
0 Plays Today
Hint 4-Letter Word % Correct
A spoiled childBRAT
97%
Alcohol made from grapesWINE
96.6%
Part of an airplane or a birdWING
96.1%
Pull along the groundDRAG
95.9%
BoastBRAG
95.7%
NarcoticDRUG
95.6%
⋆ Colors of the _____⋆ WIND ⋆
95.4%
A unit of time in musicBEAT
95.2%
Payment by a tenantRENT
94.8%
A sculpture of head and shouldersBUST
94.3%
OptimalBEST
93.8%
⋆ _____ Around the Riverbend ⋆⋆ JUST ⋆
93.6%
Hint 4-Letter Word % Correct
What the phone didRANG
93%
⋆ Steady as the Beating _____⋆ DRUM ⋆
92.9%
Angry diatribeRANT
91.2%
BrainMIND
89.3%
A sharp feeling of hungerPANG
88.9%
Inactivity REST
88.8%
JokeJEST
88.5%
To be knowledgeable and experiencedWISE
88.4%
Radar blipPING
88%
⋆ _____, _____, _____⋆ MINE ⋆
88%
⋆ Listen _____ Your Heart ⋆⋆ WITH ⋆
85.2%
DesireWISH
82.6%

Today's Daily Dose

Remove Ads.
Support Sporcle.
Get the best of Sporcle when you Go Orange. This ad-free experience offers more features, more stats, and more fun while also helping to support Sporcle. Thank you for becoming a member.

You're not logged in!

Compare scores with friends on all Sporcle quizzes.
OR
Log In

Show Comments

Extras

Top Quizzes Today


Score Distribution

Your Account Isn't Verified!

In order to create a playlist on Sporcle, you need to verify the email address you used during registration. Go to your Sporcle Settings to finish the process.

Report this User

Report this user for behavior that violates our Community Guidelines.

Details: